000 00593nam a2200181 i 4500
001 118466
003 ES-MaACL
005 20230906191114.0
007 t|
008 070214s1913 sp r ||||1| spa d
100 0 _aPestalozzi, Johann Heinrich.
_991453
245 1 0 _aLeonardo y Gertrudis
_b: libro para el pueblo /
_cpor Johan Heinrich Pestalozzi ; traducción del alemán por Eduardo Ovejero.
260 _aMadrid :
_bLuis Faure,
_c1913.
300 _aVII, 751 p. ;
_c19 cm.
650 4 _aMétodo Pestalozzi.
_9154052
700 1 _aOvejero, Eduardo.
_987995
852 _aES-MaACL
_jB-4048
999 _c118466
_d118466